| 000 | 00667nam a22001697a 4500 | ||
|---|---|---|---|
| 999 |
_c13198 _d13198 |
||
| 008 | 190212b ||||| |||| 00| 0 eng d | ||
| 082 |
_22018 _aUT 1180 _bB21 |
||
| 100 |
_aBandara, Junaidin L. _936904 |
||
| 245 |
_aCalamity preparedness amd response of safety committee organization of UM Digos College / _cJunaidin L. Bandara, Eunice A. Hitutua, and Jasper S. Quilip. |
||
| 260 |
_aDigos City: _bUMDC _cOctober 2018. |
||
| 300 |
_a53 pages; _c30 cm. |
||
| 650 |
_aCriminal Justice _vCriminology _xUndergraduate thesis. _936874 |
||
| 700 |
_aBandara, Junaidin L. _936904 |
||
| 700 |
_aHitutua, Eunice A. _936905 |
||
| 700 |
_aQuilip, Jasper S. _936906 |
||
| 942 |
_2ddc _cUT |
||